000 00416nam a2200157 i 4500
001 89795
003 ES-MaACL
005 20230906180253.0
007 t|
008 050113s1971 sp ||||1| spa d
100 1 _aSaint-Laurent, Cécil.
_970631
245 1 4 _aLes bĂȘtises /
_cJacques Laurent.
260 _aParis :
_bBernard Grasset,
_c[1971]
300 _a579 p. ;
_c23 cm.
852 _aES-MaACL
_jA-3970
_bR.89789
999 _c89795
_d89795